<?xml version="1.0" encoding="UTF-8"?>
<resp>
  <nextPage>https://data.bn.org.pl/api/networks/bibs.marcxml?marc=001+b0000020101709&amp;sinceId=20101710</nextPage>
  <collection>
    <record xmlns='http://www.loc.gov/MARC21/slim'><leader>03887cam a2201009 ic4500</leader><controlfield tag='001'>b0000020101709</controlfield><controlfield tag='005'>20260422104201.8</controlfield><controlfield tag='008'>160629s1998    pl            001 0 pol c</controlfield><controlfield tag='009'>9910923381605606</controlfield><datafield ind1=' ' ind2=' ' tag='015'><subfield code='a'>UWD 2020/40358</subfield></datafield><datafield ind1=' ' ind2=' ' tag='020'><subfield code='a'>8372211914</subfield><subfield code='q'>(oprawa twarda)</subfield></datafield><datafield ind1=' ' ind2=' ' tag='035'><subfield code='a'>(LUBL_M)LUBL_M19108-48omnis_mpl</subfield></datafield><datafield ind1=' ' ind2=' ' tag='035'><subfield code='a'>(PUBLU)vtls000019108</subfield></datafield><datafield ind1=' ' ind2=' ' tag='035'><subfield code='a'>xx002572465</subfield></datafield><datafield ind1=' ' ind2=' ' tag='035'><subfield code='a'>(OCoLC)812683725</subfield></datafield><datafield ind1=' ' ind2=' ' tag='035'><subfield code='a'>(PL)b0000020101709</subfield></datafield><datafield ind1=' ' ind2=' ' tag='040'><subfield code='a'>LUBL M</subfield><subfield code='c'>LUBL M</subfield><subfield code='d'>WA N</subfield></datafield><datafield ind1='1' ind2=' ' tag='041'><subfield code='a'>pol</subfield><subfield code='h'>ita</subfield></datafield><datafield ind1=' ' ind2=' ' tag='046'><subfield code='k'>1993</subfield></datafield><datafield ind1=' ' ind2=' ' tag='080'><subfield code='8'>1.1\x</subfield><subfield code='a'>272</subfield></datafield><datafield ind1=' ' ind2=' ' tag='080'><subfield code='8'>1.2\x</subfield><subfield code='a'>316.75</subfield></datafield><datafield ind1=' ' ind2=' ' tag='084'><subfield code='a'>10</subfield></datafield><datafield ind1='1' ind2=' ' tag='100'><subfield code='a'>Messori, Vittorio</subfield><subfield code='d'>(1941-2026)</subfield><subfield code='e'>Autor</subfield></datafield><datafield ind1='1' ind2='0' tag='240'><subfield code='a'>Sfida della fede</subfield><subfield code='l'>(pol.)</subfield></datafield><datafield ind1='1' ind2='0' tag='245'><subfield code='a'>Wyzwania wiary :</subfield><subfield code='b'>teraźniejszość w perspektywie chrześcijańskiej.</subfield><subfield code='n'>T. 2 /</subfield><subfield code='c'>Vittorio Messori ; przekład, przypisy, indeksy Janina Dembska.</subfield></datafield><datafield ind1='1' ind2=' ' tag='246'><subfield code='i'>Tytuł oryginału:</subfield><subfield code='a'>Sfida della fede :</subfield><subfield code='b'>fuori e dentro la Chiesa : l&apos;attualità in una prospettiva cristiana,</subfield><subfield code='f'>1993</subfield></datafield><datafield ind1='3' ind2='0' tag='246'><subfield code='a'>Teraźniejszość w perspektywie chrześcijańskiej</subfield></datafield><datafield ind1=' ' ind2=' ' tag='260'><subfield code='a'>Kraków :</subfield><subfield code='b'>Wydawnictwo M,</subfield><subfield code='c'>copyright 1998.</subfield></datafield><datafield ind1=' ' ind2=' ' tag='300'><subfield code='a'>442, [2] strony ;</subfield><subfield code='c'>21 cm.</subfield></datafield><datafield ind1=' ' ind2=' ' tag='336'><subfield code='a'>Tekst</subfield><subfield code='b'>txt</subfield><subfield code='2'>rdacontent</subfield></datafield><datafield ind1=' ' ind2=' ' tag='337'><subfield code='a'>Bez urządzenia pośredniczącego</subfield><subfield code='b'>n</subfield><subfield code='2'>rdamedia</subfield></datafield><datafield ind1=' ' ind2=' ' tag='338'><subfield code='a'>Wolumin</subfield><subfield code='b'>nc</subfield><subfield code='2'>rdacarrier</subfield></datafield><datafield ind1=' ' ind2=' ' tag='380'><subfield code='a'>Książki</subfield></datafield><datafield ind1=' ' ind2=' ' tag='380'><subfield code='a'>Literatura faktu, eseje, publicystyka</subfield></datafield><datafield ind1=' ' ind2=' ' tag='386'><subfield code='m'>Przynależność kulturowa</subfield><subfield code='a'>Literatura włoska</subfield></datafield><datafield ind1='1' ind2=' ' tag='388'><subfield code='a'>1901-2000</subfield></datafield><datafield ind1='1' ind2=' ' tag='388'><subfield code='a'>1989-2000</subfield></datafield><datafield ind1=' ' ind2=' ' tag='500'><subfield code='a'>Tytuł oryginału: La sfida della fede : fuori e dentro la Chiesa: l&apos;attualità in una prospettiva cristiana.</subfield></datafield><datafield ind1=' ' ind2=' ' tag='500'><subfield code='a'>Cytaty i skróty biblijne wg Biblii Tysiąclecia, wyd. 4, Poznań 1986, Pallotinum (Nowy Testament i Psalmy - wyd. 9, Poznań 1997).</subfield></datafield><datafield ind1=' ' ind2=' ' tag='504'><subfield code='a'>Indeksy.</subfield></datafield><datafield ind1='2' ind2='7' tag='610'><subfield code='a'>Kościół katolicki</subfield><subfield code='2'>DBN</subfield></datafield><datafield ind1=' ' ind2='7' tag='650'><subfield code='a'>Chrześcijaństwo</subfield><subfield code='2'>DBN</subfield></datafield><datafield ind1=' ' ind2='7' tag='650'><subfield code='a'>Katolicka nauka społeczna</subfield><subfield code='2'>DBN</subfield></datafield><datafield ind1=' ' ind2='7' tag='650'><subfield code='a'>System wartości</subfield><subfield code='2'>DBN</subfield></datafield><datafield ind1=' ' ind2='7' tag='650'><subfield code='a'>Wiara</subfield><subfield code='2'>DBN</subfield></datafield><datafield ind1=' ' ind2='7' tag='655'><subfield code='a'>Antologia</subfield><subfield code='2'>DBN</subfield></datafield><datafield ind1=' ' ind2='7' tag='655'><subfield code='a'>Felieton</subfield><subfield code='2'>DBN</subfield></datafield><datafield ind1=' ' ind2=' ' tag='658'><subfield code='a'>Socjologia i społeczeństwo</subfield></datafield><datafield ind1=' ' ind2=' ' tag='658'><subfield code='a'>Religia i duchowość</subfield></datafield><datafield ind1='1' ind2=' ' tag='700'><subfield code='a'>Dembska, Janina</subfield><subfield code='e'>Tłumaczenie</subfield></datafield><datafield ind1='2' ind2=' ' tag='710'><subfield code='a'>Wydawnictwo M</subfield><subfield code='e'>Wydawca</subfield><subfield code='4'>pbl</subfield></datafield><datafield ind1=' ' ind2=' ' tag='852'><subfield code='b'>48OMNIS_PUJP</subfield><subfield code='8'>991001155259708833</subfield></datafield><datafield ind1=' ' ind2=' ' tag='852'><subfield code='b'>48OMNIS_KUL</subfield><subfield code='8'>991007989469706831</subfield></datafield><datafield ind1=' ' ind2=' ' tag='852'><subfield code='b'>48OMNIS_NLOP</subfield><subfield code='8'>991052745717605066</subfield></datafield><datafield ind1=' ' ind2=' ' tag='852'><subfield code='b'>48UWM_INST</subfield><subfield code='8'>990013669340107411</subfield></datafield><datafield ind1=' ' ind2=' ' tag='852'><subfield code='b'>48OMNIS_UOP</subfield><subfield code='8'>991053503346408206</subfield></datafield><datafield ind1=' ' ind2=' ' tag='852'><subfield code='b'>48OMNIS_NETWORK</subfield><subfield code='8'>9910923381605606</subfield></datafield><datafield ind1=' ' ind2=' ' tag='852'><subfield code='8'>22129414100007669</subfield><subfield code='j'>1</subfield><subfield code='b'>WA_392</subfield><subfield code='p'>320022</subfield><subfield code='c'>GEN</subfield></datafield><datafield ind1=' ' ind2=' ' tag='852'><subfield code='8'>22845862640008833</subfield><subfield code='j'>1</subfield><subfield code='b'>BG</subfield><subfield code='p'>1060039176</subfield><subfield code='c'>BG-WOLNY_D</subfield></datafield><datafield ind1=' ' ind2=' ' tag='852'><subfield code='8'>22173759950006831</subfield><subfield code='j'>1</subfield><subfield code='h'>447299 II</subfield><subfield code='b'>BuKul</subfield><subfield code='p'>1000196045</subfield><subfield code='c'>BG_BG</subfield></datafield><datafield ind1=' ' ind2=' ' tag='852'><subfield code='8'>22129414100007669</subfield><subfield code='j'>1</subfield><subfield code='b'>WA_392</subfield><subfield code='p'>216642-2</subfield><subfield code='c'>GEN</subfield></datafield><datafield ind1=' ' ind2=' ' tag='852'><subfield code='8'>2268071820007663</subfield><subfield code='j'>1</subfield><subfield code='h'>676.341 I T.2</subfield><subfield code='b'>ZNO-SZEW</subfield><subfield code='p'>1000009262</subfield><subfield code='c'>10000</subfield><subfield code='z'>K-5523-00</subfield></datafield><datafield ind1=' ' ind2=' ' tag='852'><subfield code='8'>2274850300007411</subfield><subfield code='j'>1</subfield><subfield code='b'>BTEO</subfield><subfield code='p'>WTB957</subfield><subfield code='c'>TEO</subfield></datafield><datafield ind1=' ' ind2=' ' tag='852'><subfield code='8'>2230927000005069</subfield><subfield code='j'>1</subfield><subfield code='h'>403017 II/T.2 404494 II</subfield><subfield code='b'>LUBL_M</subfield><subfield code='p'>1000806302</subfield><subfield code='c'>10000</subfield><subfield code='z'>oprawa twarda</subfield></datafield><datafield ind1=' ' ind2=' ' tag='852'><subfield code='8'>22644588280005066</subfield><subfield code='j'>1</subfield><subfield code='h'>3.145.474 A</subfield><subfield code='b'>BN_PL</subfield><subfield code='p'>30001029224256</subfield><subfield code='c'>bk1</subfield></datafield><datafield ind1=' ' ind2=' ' tag='852'><subfield code='b'>48OMNIS_ZNO</subfield><subfield code='8'>991001397819707663</subfield></datafield><datafield ind1=' ' ind2=' ' tag='852'><subfield code='b'>48OMNIS_MPL</subfield><subfield code='8'>991000252349705069</subfield></datafield><datafield ind1=' ' ind2=' ' tag='852'><subfield code='8'>22861472590008206</subfield><subfield code='j'>1</subfield><subfield code='b'>BWT</subfield><subfield code='p'>UO00030692</subfield><subfield code='c'>CZYT9</subfield></datafield><datafield ind1=' ' ind2=' ' tag='852'><subfield code='b'>48OMNIS_UKSW</subfield><subfield code='8'>991002303589707669</subfield></datafield><datafield ind1=' ' ind2=' ' tag='920'><subfield code='a'>83-7221-191-4 (oprawa twarda)</subfield></datafield></record>
  </collection>
</resp>
